[Event "16th Asia-ch (w)"]
[Site "Ho Chi Minh VIE"]
[Date "2012.05.12"]
[Round "8"]
[White "Aulia, Medina Warda"]
[Black "Mohanty, Kiran Monisha"]
[Result "1-0"]
[WhiteElo "2172"]
[BlackElo "2208"]
[EventDate "2012.05.05"]
[PlyCount "84"]

1.e4 c5 2.Nf3 d6 3.d4 cxd4 4.Nxd4 Nf6 5.Nc3 a6 6.Be2 e5 7.Nb3 Be7 8.Be3 
O-O 9.O-O Be6 10.f3 Nbd7 11.Rf2 b5 12.a3 Nb6 13.Bf1 Qc7 14.Rd2 Rac8 15.Nc1
Rfd8 16.Kh1 h6 17.N1a2 Qb7 18.Nb4 a5 19.Nbd5 Nbxd5 20.exd5 Bd7 21.a4 b4 
22.Nb5 e4 23.Rc1 Re8 24.c4 bxc3 25.bxc3 exf3 26.Qxf3 Bg4 27.Qf4 Qd7 28.Na7
g5 29.Qd4 Rb8 30.Bb5 Rxb5 31.axb5 Nh5 32.Nc6 Bf6 33.Qa7 Qf5 34.b6 Rxe3 35.
b7 Re8 36.b8=Q Rxb8 37.Qxb8+ Kg7 38.Qxd6 Bxc3 39.Rdc2 Be1 40.Qc5 Qf1+ 41.
Qg1 Qxg1+ 42.Kxg1 Nf6 1-0

[Event "16th Asia-ch (w)"]
[Site "Ho Chi Minh VIE"]
[Date "2012.05.12"]
[Round "8"]
[White "Enkhtuul, Altanulzii"]
[Black "Le Kieu Thien Kim"]
[Result "1/2-1/2"]
[WhiteElo "2108"]
[BlackElo "2239"]
[EventDate "2012.05.05"]
[PlyCount "71"]

1.d4 d5 2.Nf3 c6 3.g3 Bf5 4.Bg2 e6 5.O-O Be7 6.c4 Nd7 7.Nc3 h5 8.h4 dxc4 
9.a4 a5 10.e4 Bg4 11.Qc2 Bxf3 12.Bxf3 g5 13.hxg5 Bxg5 14.e5 Bxc1 15.Qxc1 
Ne7 16.Qf4 Nb6 17.Rac1 Ned5 18.Bxd5 Nxd5 19.Qf3 Nxc3 20.bxc3 Qe7 21.Rb1 
O-O-O 22.Rb6 Kc7 23.Rfb1 Rb8 24.Qf4 Rhg8 25.d5 cxd5 26.Qe3 h4 27.Rd6 Kc8 
28.Rb5 Ra8 29.Kg2 hxg3 30.fxg3 Kb8 31.Qc5 Rc8 32.Qe3 Ra7 33.Qf4 Ka8 34.Kf3
Rg8 35.Qf6 Qc7 36.Rc5 1/2-1/2

[Event "16th Asia-ch (w)"]
[Site "Ho Chi Minh VIE"]
[Date "2012.05.12"]
[Round "8"]
[White "Aulia, Virda Rizka"]
[Black "Nguyen Thi Mai Hung"]
[Result "0-1"]
[WhiteElo "1769"]
[BlackElo "2237"]
[EventDate "2012.05.05"]
[PlyCount "110"]

1.e4 c5 2.Nc3 g6 3.g3 Bg7 4.Bg2 Nc6 5.d3 d6 6.Be3 Nf6 7.h3 Nd4 8.Qd2 Rb8 
9.Nd1 e5 10.c3 Nc6 11.Bh6 Bxh6 12.Qxh6 b5 13.Ne2 b4 14.O-O Ba6 15.c4 Nd4 
16.Nxd4 exd4 17.Re1 Qe7 18.f4 Nd7 19.Nf2 f6 20.e5 fxe5 21.fxe5 Nxe5 22.Ng4
Kd8 23.Nxe5 dxe5 24.Re2 Bb7 25.Bxb7 Rxb7 26.Rae1 Rf8 27.Rxe5 Qf6 28.Qd2 
Rc7 29.Qg2 Qc6 30.Rd5+ Kc8 31.Qe4 Qf6 32.Qg2 Kb8 33.Rde5 Qf3 34.Re8+ Rc8 
35.R8e7 Rc7 36.Rxc7 Kxc7 37.Re7+ Kd6 38.Re1 Rf5 39.Qh2 g5 40.g4+ Rf4 41.
Qg2 h6 42.Re8 Qd1+ 43.Kh2 Rf3 44.Rf8 Rxf8 45.Qd5+ Ke7 46.Qxc5+ Ke8 47.Qe5+
Kf7 48.Qf5+ Kg7 49.Qe5+ Rf6 50.Qe7+ Kg6 51.Qe4+ Kf7 52.Qd5+ Kg7 53.Qd7+ 
Rf7 54.Qd5 Kg8 55.Qd8+ Kh7 0-1

[Event "16th Asia-ch (w)"]
[Site "Ho Chi Minh VIE"]
[Date "2012.05.12"]
[Round "8"]
[White "Sihite, Chelsie Monica"]
[Black "Citra, Dewi Andhiani Anastasia"]
[Result "1/2-1/2"]
[WhiteElo "2181"]
[BlackElo "2112"]
[EventDate "2012.05.05"]
[PlyCount "87"]

1.e4 c6 2.d4 d5 3.exd5 cxd5 4.Nf3 Nf6 5.c3 Nc6 6.h3 Bf5 7.Bd3 Bxd3 8.Qxd3 
e6 9.Bf4 Be7 10.Nbd2 O-O 11.O-O Rc8 12.Ne5 Nxe5 13.Bxe5 Qb6 14.Rab1 Qa5 
15.Ra1 Rc6 16.Rfb1 Qa6 17.Qxa6 Rxa6 18.a4 Rc6 19.Re1 Rd8 20.g4 Nd7 21.Bf4 
h6 22.Kg2 Bd6 23.Bxd6 Rxd6 24.Ra3 Rb6 25.Rb3 Rxb3 26.Nxb3 Rc8 27.Ra1 Kf8 
28.Kf3 Ke7 29.Ke2 Kd6 30.Kd3 f6 31.f4 Rc6 32.Nd2 Nb6 33.a5 Nc4 34.Nxc4+ 
dxc4+ 35.Ke4 g6 36.Ra4 f5+ 37.Kf3 Kd5 38.Rb4 b6 39.Rb5+ Kd6 40.h4 Ke7 41.
g5 h5 42.axb6 axb6 43.Ke2 Kd6 44.Ke3 1/2-1/2

[Event "16th Asia-ch (w)"]
[Site "Ho Chi Minh VIE"]
[Date "2012.05.12"]
[Round "8"]
[White "Ngo Thi Kim Tuyen"]
[Black "Jelsen, Yemi"]
[Result "1-0"]
[WhiteElo "2070"]
[BlackElo "2007"]
[EventDate "2012.05.05"]
[PlyCount "83"]

1.Nf3 d5 2.b3 c5 3.Bb2 Nc6 4.e3 Bf5 5.d4 e6 6.h3 Nf6 7.Bd3 Bg6 8.O-O Be7 
9.Qe2 O-O 10.Bxg6 hxg6 11.dxc5 Bxc5 12.Rd1 Qe7 13.a3 e5 14.b4 Bd6 15.Nfd2 
Rac8 16.c4 dxc4 17.Nxc4 Bb8 18.b5 Nd8 19.a4 Qe6 20.Nbd2 b6 21.Rac1 Nb7 22.
Nf3 Nc5 23.Bxe5 Bxe5 24.Nfxe5 Nxa4 25.Qa2 Nc5 26.Qxa7 Nb3 27.Rc3 Na5 28.
Rdc1 Nd5 29.R3c2 Nb4 30.Nxa5 Rxc2 31.Rxc2 Nxc2 32.Nac6 Qd6 33.Qa4 Na3 34.
Qb3 Qc5 35.Nd7 Qc1+ 36.Kh2 Ra8 37.Nce5 Qc7 38.Qxf7+ Kh8 39.f4 Qd6 40.Nxg6+
Kh7 41.Ndf8+ Kh6 42.Qg8 1-0

[Event "16th Asia-ch (w)"]
[Site "Ho Chi Minh VIE"]
[Date "2012.05.12"]
[Round "8"]
[White "Otorbaeva, Nuriza"]
[Black "Ton Nu Hong An"]
[Result "0-1"]
[WhiteElo "1740"]
[BlackElo "1997"]
[EventDate "2012.05.05"]
[PlyCount "78"]

1.e4 e5 2.Nf3 Nc6 3.Bb5 a6 4.Ba4 Nf6 5.O-O d6 6.Re1 b5 7.Bb3 Be7 8.h3 O-O 
9.c3 Na5 10.Bc2 c5 11.d4 Qc7 12.d5 Ne8 13.Nh2 f5 14.exf5 Bxf5 15.Bxf5 Rxf5
16.Qg4 g6 17.Nd2 Ng7 18.Ne4 Raf8 19.Qe2 Nh5 20.Bh6 Rc8 21.Qg4 Nc4 22.b3 
Nb6 23.Rad1 Bf8 24.Bg5 Qf7 25.Rd2 Nxd5 26.Red1 Ndf6 27.Bxf6 Nxf6 28.Nxf6+ 
Qxf6 29.Nf3 Rd8 30.Qe4 Be7 31.Qb7 Rf8 32.Qxa6 e4 33.Nh2 Rxf2 34.Qxb5 Rxd2 
35.Rxd2 Qxc3 36.Qc4+ Qxc4 37.bxc4 Rf6 38.Rd3 Rf2 39.Rd4 Rxa2 0-1

[Event "16th Asia-ch (w)"]
[Site "Ho Chi Minh VIE"]
[Date "2012.05.13"]
[Round "9"]
[White "Tan Zhongyi"]
[Black "Gomes, Mary Ann"]
[Result "1-0"]
[WhiteElo "2430"]
[BlackElo "2378"]
[EventDate "2012.05.05"]
[PlyCount "95"]

1.d4 Nf6 2.c4 c5 3.Nf3 cxd4 4.Nxd4 Nc6 5.Nc3 g6 6.g3 Bg7 7.Bg2 O-O 8.O-O 
Nxd4 9.Qxd4 d6 10.Qd3 Bf5 11.e4 Be6 12.Bd2 Qd7 13.Rfe1 Rfc8 14.b3 Bh3 15.
Bh1 Ng4 16.Rac1 Ne5 17.Qe2 h5 18.Nd5 Qd8 19.Bg5 f6 20.Bf4 Bg4 21.f3 Bd7 
22.Bg2 Rab8 23.Be3 b6 24.h3 e6 25.Nc3 a6 26.f4 Nf7 27.a4 Qe8 28.Qf2 Qd8 
29.Red1 Qc7 30.Bf3 Rf8 31.Kg2 Qd8 32.Ne2 f5 33.exf5 gxf5 34.Bxh5 Bc6+ 35.
Bf3 Bxf3+ 36.Qxf3 Qf6 37.Nd4 Rbe8 38.Rf1 Qg6 39.Nc6 e5 40.Nb4 exf4 41.Bxf4
Re4 42.Rce1 Bd4 43.Nd5 Rfe8 44.Rxe4 fxe4 45.Qg4 Qxg4 46.hxg4 Kg7 47.Rd1 
Bc5 48.b4 1-0

[Event "16th Asia-ch (w)"]
[Site "Ho Chi Minh VIE"]
[Date "2012.05.13"]
[Round "9"]
[White "Kharisma Sukandar, Irine"]
[Black "Karavade, Eesha"]
[Result "1-0"]
[WhiteElo "2288"]
[BlackElo "2353"]
[EventDate "2012.05.05"]
[PlyCount "59"]

1.e4 c5 2.Nf3 d6 3.d4 cxd4 4.Nxd4 Nf6 5.Nc3 a6 6.Be3 e5 7.Nb3 Be6 8.h3 
Nbd7 9.Qf3 Rc8 10.g4 h6 11.O-O-O Qc7 12.Bd3 Nb6 13.Bxb6 Qxb6 14.Nd5 Bxd5 
15.exd5 Be7 16.h4 Qb4 17.g5 Qg4 18.Qf5 g6 19.Qxg4 Nxg4 20.Rdf1 hxg5 21.Be2
Nf6 22.hxg5 Nh7 23.Rh3 O-O 24.Na5 Bxg5+ 25.Kb1 Rc7 26.Rfh1 Nf6 27.Nc4 Ne4 
28.Rh8+ Kg7 29.R1h7+ Kf6 30.Rxf8 1-0

[Event "16th Asia-ch (w)"]
[Site "Ho Chi Minh VIE"]
[Date "2012.05.13"]
[Round "9"]
[White "Padmini, Rout"]
[Black "Wang Jue"]
[Result "0-1"]
[WhiteElo "2345"]
[BlackElo "2364"]
[EventDate "2012.05.05"]
[PlyCount "80"]

1.e4 c5 2.Nf3 d6 3.d4 cxd4 4.Nxd4 Nf6 5.Nc3 a6 6.Bg5 e6 7.f4 h6 8.Bh4 Qb6 
9.Qd2 Qxb2 10.Rb1 Qa3 11.f5 Be7 12.fxe6 fxe6 13.Be2 O-O 14.O-O Nc6 15.Nxc6
bxc6 16.Rf3 Qa5 17.Kh1 Qc7 18.Rbf1 Bb7 19.e5 dxe5 20.Bxf6 Rxf6 21.Rxf6 
Bxf6 22.Bc4 Qe7 23.Qd3 Rd8 24.Qg6 Qf7 25.Qg4 Rd4 26.Ne4 Kh8 27.Qe2 c5 28.
Nxc5 Qc7 29.Bxa6 Bd5 30.Qb5 Bc6 31.Qb3 Rd2 32.Bb7 Bxb7 33.Nxb7 Qc6 34.Rg1 
e4 35.Na5 Qd5 36.Nc4 Rd1 37.Ne3 Rxg1+ 38.Kxg1 Qd2 39.Nf1 Bd4+ 40.Kh1 Qf2 
0-1

[Event "16th Asia-ch (w)"]
[Site "Ho Chi Minh VIE"]
[Date "2012.05.13"]
[Round "9"]
[White "Le Thanh Tu"]
[Black "Ding Yixin"]
[Result "0-1"]
[WhiteElo "2313"]
[BlackElo "2353"]
[EventDate "2012.05.05"]
[PlyCount "106"]

1.c4 Nf6 2.Nf3 g6 3.Nc3 Bg7 4.e4 c5 5.d4 Qa5 6.Bd2 cxd4 7.Nxd4 O-O 8.Nc2 
Nc6 9.Be2 d6 10.O-O Nd7 11.Nd5 Qd8 12.Rb1 Nc5 13.f3 a5 14.Bc3 Bxc3 15.Nxc3
f5 16.Nd4 fxe4 17.Nxc6 bxc6 18.fxe4 Rxf1+ 19.Qxf1 Qb6 20.Qf2 Be6 21.Qd4 
Nd7 22.Qxb6 Nxb6 23.b3 a4 24.Bf3 axb3 25.axb3 Nd7 26.Ne2 Ne5 27.Nd4 Bd7 
28.Be2 Ra2 29.Kf1 c5 30.Nb5 Bc6 31.Nc3 Rc2 32.Nd5 e6 33.Ne7+ Kg7 34.Nxc6 
Nxc6 35.Bd1 Rd2 36.Bf3 Kf6 37.Ra1 Ke5 38.Ra6 Nd4 39.Ra7 h5 40.Rg7 Kf6 41.
Rb7 Nxf3 42.gxf3 Rxh2 43.Rd7 Rd2 44.Ke1 Rd3 45.Ke2 Rxb3 46.Rxd6 Rc3 47.Rc6
Rxc4 48.Kd3 Rc1 49.Kd2 Ra1 50.Rxc5 h4 51.Ke3 h3 52.Rc2 Kg5 53.e5 Re1+ 0-1

[Event "16th Asia-ch (w)"]
[Site "Ho Chi Minh VIE"]
[Date "2012.05.13"]
[Round "9"]
[White "Zhao Xue"]
[Black "Mongontuul, Batchujagijn"]
[Result "1/2-1/2"]
[WhiteElo "2549"]
[BlackElo "2451"]
[EventDate "2012.05.05"]
[PlyCount "126"]

1.d4 d5 2.c4 c6 3.Nc3 Nf6 4.Nf3 Qb6 5.h3 Bf5 6.g4 Be4 7.g5 Nfd7 8.e3 e5 9.
Nxe4 dxe4 10.c5 Qd8 11.Nd2 Qxg5 12.Nxe4 Qh4 13.Bg2 Na6 14.Qb3 Rb8 15.O-O 
Be7 16.f4 exd4 17.exd4 Nf6 18.Ng5 O-O 19.Bd2 Nc7 20.Rae1 Nfd5 21.Re4 Qh5 
22.Nf3 Qf5 23.Ne5 Kh8 24.Re2 f6 25.Ng4 b6 26.Qc4 bxc5 27.Ba5 Qc8 28.dxc5 
Qa6 29.Qxa6 Bxc5+ 30.Kh1 Nxa6 31.a3 Rb3 32.f5 h5 33.Nf2 Rfb8 34.Nd1 Ne3 
35.Nxe3 Rxe3 36.Rxe3 Bxe3 37.Re1 Bb6 38.Bc3 c5 39.Bf3 Nc7 40.a4 c4 41.Rd1 
Na6 42.Bxh5 Rd8 43.Re1 Nc5 44.a5 Bc7 45.Bf7 Nd3 46.Re7 Be5 47.Rxa7 Nxb2 
48.Bxe5 fxe5 49.Rc7 Ra8 50.a6 Rxa6 51.Rc8+ Kh7 52.Bg6+ Rxg6 53.fxg6+ Kxg6 
54.Rc7 Kf6 55.Kg2 g5 56.Kf3 Kf5 57.Rc5 Nd3 58.Rxc4 Nf4 59.Kg3 Nh5+ 60.Kf3 
Ke6 61.Rc8 Kf6 62.Rc4 Nf4 63.Ra4 g4+ 1/2-1/2

[Event "16th Asia-ch (w)"]
[Site "Ho Chi Minh VIE"]
[Date "2012.05.13"]
[Round "9"]
[White "Pham Le Thao Nguyen"]
[Black "Tania, Sachdev"]
[Result "1/2-1/2"]
[WhiteElo "2390"]
[BlackElo "2417"]
[EventDate "2012.05.05"]
[PlyCount "61"]

1.Nf3 c5 2.g3 Nf6 3.Bg2 Nc6 4.O-O g6 5.d3 Bg7 6.c4 d6 7.Nc3 O-O 8.Rb1 Bd7 
9.a3 a5 10.Bd2 Rb8 11.Ne1 Ne8 12.Nc2 Nc7 13.b4 axb4 14.axb4 cxb4 15.Nxb4 
Nxb4 16.Rxb4 b5 17.cxb5 Nxb5 18.Nxb5 Rxb5 19.Rxb5 Bxb5 20.Qb3 Bd7 21.Bc3 
Be6 22.Qc2 Bxc3 23.Qxc3 Qb6 24.h4 h5 25.Bf3 Rc8 26.Qa1 Rc5 27.Rb1 Rb5 28.
Rxb5 Qxb5 29.Qa7 Qe8 30.Qd4 Bf5 31.Kg2 1/2-1/2

[Event "16th Asia-ch (w)"]
[Site "Ho Chi Minh VIE"]
[Date "2012.05.13"]
[Round "9"]
[White "Guo Qi"]
[Black "Swathi, Ghate"]
[Result "1-0"]
[WhiteElo "2360"]
[BlackElo "2286"]
[EventDate "2012.05.05"]
[PlyCount "81"]

1.d4 Nf6 2.c4 e6 3.Nf3 Bb4+ 4.Bd2 c5 5.Bxb4 cxb4 6.e3 O-O 7.Be2 d6 8.O-O 
Nc6 9.Nbd2 e5 10.d5 Nb8 11.a3 Na6 12.Ne1 Bf5 13.Bd3 Bd7 14.axb4 Nxb4 15.
Qb3 a5 16.Nc2 Na6 17.Qa3 Nc5 18.Be2 a4 19.Nb4 Bf5 20.Bd3 e4 21.Be2 Nfd7 
22.Qc3 Re8 23.Kh1 Qg5 24.Nc2 Ne5 25.Nd4 Bg4 26.f3 exf3 27.gxf3 Bh3 28.Rg1 
Qh6 29.f4 Ned7 30.Nb5 Nf6 31.Nxd6 Red8 32.Nb5 Nce4 33.Nxe4 Nxe4 34.Qe1 Qb6
35.Bf3 Bf5 36.Nd4 Nd6 37.Qc3 Ne4 38.Rxg7+ Kh8 39.Bxe4 Bxe4+ 40.Kg1 Rg8 41.
Ne6 1-0

[Event "16th Asia-ch (w)"]
[Site "Ho Chi Minh VIE"]
[Date "2012.05.13"]
[Round "9"]
[White "Ni Shiqun"]
[Black "Mohota, Nisha"]
[Result "1/2-1/2"]
[WhiteElo "2157"]
[BlackElo "2321"]
[EventDate "2012.05.05"]
[PlyCount "61"]

1.e4 c6 2.Nc3 d5 3.Nf3 Nf6 4.e5 Ne4 5.Ne2 Qb6 6.d4 e6 7.c3 c5 8.Ng3 Nc6 9.
Bd3 Nxg3 10.hxg3 h6 11.a3 Bd7 12.Kf1 c4 13.Bc2 Na5 14.Rb1 O-O-O 15.g4 Be7 
16.g3 Nc6 17.Qe2 Rdf8 18.Kg2 Kb8 19.Bd2 Ka8 20.b3 Qa6 21.b4 Nd8 22.a4 Bxa4
23.Ra1 b5 24.Ra2 Nc6 25.Rha1 Rb8 26.Bxa4 bxa4 27.Qd1 Qb5 28.Qxa4 Qxa4 29.
Rxa4 Rb6 30.R4a2 Kb7 31.Ra4 1/2-1/2

[Event "16th Asia-ch (w)"]
[Site "Ho Chi Minh VIE"]
[Date "2012.05.13"]
[Round "9"]
[White "Zhai Mo"]
[Black "Nakhbaeva, Guliskhan"]
[Result "1/2-1/2"]
[WhiteElo "2248"]
[BlackElo "2309"]
[EventDate "2012.05.05"]
[PlyCount "98"]

1.e4 e6 2.d4 d5 3.Nc3 Nf6 4.e5 Nfd7 5.f4 c5 6.Nf3 Nc6 7.Be3 Be7 8.Qd2 O-O 
9.Be2 b6 10.O-O f5 11.exf6 Nxf6 12.Bb5 Qc7 13.Kh1 a6 14.Bxc6 Qxc6 15.Rae1 
c4 16.f5 exf5 17.Bg5 Ra7 18.Ne5 Qa8 19.Qe3 b5 20.Bxf6 Bxf6 21.Qf3 Rd8 22.
Qh5 Re7 23.Ng4 Qc6 24.Rxe7 Bxe7 25.Ne3 g6 26.Qe2 Bf8 27.Qf3 b4 28.Ne2 Bg7 
29.h4 Qe6 30.Nf4 Qf6 31.g3 Qxd4 32.Nexd5 Re8 33.c3 bxc3 34.bxc3 Qe4 35.
Qxe4 Rxe4 36.Rb1 Re8 37.Rb4 Bd7 38.Rxc4 Bb5 39.Rc5 Ba4 40.Kg2 Rb8 41.Ne6 
Be5 42.Ne7+ Kf7 43.Rxe5 Kxe7 44.Nd4+ Kd6 45.Re6+ Kd5 46.Rxa6 Rb2+ 47.Kf3 
Rxa2 48.Kf4 Kc4 49.Ne6 Kxc3 1/2-1/2

[Event "16th Asia-ch (w)"]
[Site "Ho Chi Minh VIE"]
[Date "2012.05.13"]
[Round "9"]
[White "Yanjindulam, Dulamsuren"]
[Black "Nguyen Thi Thanh An"]
[Result "1/2-1/2"]
[WhiteElo "2214"]
[BlackElo "2301"]
[EventDate "2012.05.05"]
[PlyCount "83"]

1.e4 c5 2.c3 d5 3.exd5 Qxd5 4.d4 Nf6 5.Nf3 e6 6.Bd3 Nc6 7.O-O cxd4 8.cxd4 
Be7 9.Nc3 Qh5 10.Be2 Qa5 11.a3 O-O 12.Re1 Rd8 13.Be3 Nd5 14.Rc1 Nxc3 15.
Rxc3 Bf6 16.b4 Qd5 17.Bc4 Qd6 18.Rd3 Ne7 19.d5 Nxd5 20.Bc5 Qc7 21.Bxd5 
exd5 22.Rxd5 Be6 23.Rxd8+ Rxd8 24.Qa4 b6 25.Bd4 Be7 26.Be5 Qd7 27.Qxd7 
Rxd7 28.Nd4 Bd5 29.Nf5 Bf8 30.h3 f6 31.Bf4 a5 32.Re8 Kf7 33.Rb8 Be6 34.g4 
g6 35.Ne3 g5 36.Bg3 axb4 37.axb4 Bxb4 38.Rxb6 Bc5 39.Rb1 Bxe3 40.fxe3 Rd3 
41.Bf2 Bd5 42.Rb6 1/2-1/2

[Event "16th Asia-ch (w)"]
[Site "Ho Chi Minh VIE"]
[Date "2012.05.13"]
[Round "9"]
[White "Nguyen Quynh Anh"]
[Black "Batchimeg, Tuvshintogs"]
[Result "0-1"]
[WhiteElo "2129"]
[BlackElo "2363"]
[EventDate "2012.05.05"]
[PlyCount "80"]

1.e4 e5 2.Nf3 Nc6 3.Bc4 Nf6 4.d3 Be7 5.c3 O-O 6.Nbd2 d6 7.Bb3 Na5 8.Bc2 c5
9.Nf1 Nc6 10.Qe2 d5 11.Ng3 b5 12.O-O d4 13.Rd1 Be6 14.Nf5 Bxf5 15.exf5 Qd7
16.c4 a6 17.a4 bxc4 18.dxc4 Rfe8 19.a5 Bd6 20.Ng5 e4 21.Nxe4 Nxe4 22.Bxe4 
Qxf5 23.Re1 Qf6 24.Ra3 Rab8 25.Bd2 g6 26.Rf3 Qe7 27.b3 Qc7 28.h4 Ne5 29.
Rh3 h5 30.Bd5 Qd7 31.Qd1 Bc7 32.Qb1 Kg7 33.Bg5 Bxa5 34.Re4 f5 35.Re2 Ng4 
36.Bf3 Rxe2 37.Bxe2 Re8 38.Qd3 Qe6 39.Bf1 Qe1 40.Be3 dxe3 0-1

[Event "16th Asia-ch (w)"]
[Site "Ho Chi Minh VIE"]
[Date "2012.05.13"]
[Round "9"]
[White "Hoang Thi Bao Tram"]
[Black "Aulia, Medina Warda"]
[Result "0-1"]
[WhiteElo "2356"]
[BlackElo "2172"]
[EventDate "2012.05.05"]
[PlyCount "68"]

1.d4 d5 2.Nf3 Nf6 3.c4 e6 4.e3 c6 5.Nbd2 Nbd7 6.b3 Bd6 7.Bb2 O-O 8.Bd3 b6 
9.O-O Bb7 10.Ne5 c5 11.cxd5 exd5 12.f4 Qe7 13.Qf3 Rac8 14.Qh3 Rc7 15.Ng4 
c4 16.bxc4 Bb4 17.Nf3 dxc4 18.Rac1 Be4 19.Bxc4 Nxg4 20.Qxg4 Nf6 21.Qg5 
Bxf3 22.Rxf3 Rfc8 23.Qb5 Bd2 24.Rc2 Bxe3+ 25.Kh1 a6 26.Qxa6 Ng4 27.h3 Qh4 
28.Bb3 Rxc2 29.Bc4 Re8 30.Qa4 Qe1+ 31.Rf1 Nf2+ 32.Kh2 Bxf4+ 33.Kg1 Nxh3+ 
34.Kh1 Rce2 0-1

[Event "16th Asia-ch (w)"]
[Site "Ho Chi Minh VIE"]
[Date "2012.05.13"]
[Round "9"]
[White "Muminova, Nafisa"]
[Black "Pham Bich Ngoc"]
[Result "1-0"]
[WhiteElo "2338"]
[BlackElo "2176"]
[EventDate "2012.05.05"]
[PlyCount "115"]

1.e4 c6 2.d4 d5 3.Nd2 dxe4 4.Nxe4 Bf5 5.Ng3 Bg6 6.Nf3 Nd7 7.Bd3 Bxd3 8.
Qxd3 e6 9.O-O Ngf6 10.c4 Bd6 11.b3 O-O 12.Bb2 Qb8 13.Rfe1 b5 14.Qc2 a5 15.
Ne5 Qb7 16.a3 Rfc8 17.Qe2 Rab8 18.c5 Bxe5 19.dxe5 Nd5 20.Ne4 Rf8 21.Bd4 
Qc7 22.Nd6 Qd8 23.Qg4 g6 24.Rad1 h6 25.Rd3 b4 26.a4 h5 27.Qg3 Kh7 28.Rf3 
Qe7 29.Ne4 Rb7 30.Nf6+ N7xf6 31.exf6 Qd8 32.Re5 Nxf6 33.Rxf6 Qxd4 34.h3 
Qd1+ 35.Kh2 Rg8 36.Qf4 Rg7 37.Qe4 Rc7 38.Rf3 Rd7 39.Rxh5+ Kg8 40.Rh6 Qd5 
41.Qg4 e5 42.Qh4 f5 43.Qf6 Rdf7 44.Qg5 e4 45.Rf4 Qe5 46.Qd8+ Rf8 47.Rh8+ 
Kxh8 48.Qxf8+ Kh7 49.g3 g5 50.Rxf5 Qe6 51.Qf6 Qxb3 52.Qxc6 Re7 53.Rf6 Qb2 
54.Qd6 Qe5 55.Rf7+ Rxf7 56.Qxe5 Rxf2+ 57.Kg1 Re2 58.Kf1 1-0

[Event "16th Asia-ch (w)"]
[Site "Ho Chi Minh VIE"]
[Date "2012.05.13"]
[Round "9"]
[White "Vo Thi Kim Phung"]
[Black "Hoang Thi Nhu Y"]
[Result "1/2-1/2"]
[WhiteElo "2155"]
[BlackElo "2238"]
[EventDate "2012.05.05"]
[PlyCount "64"]

1.d4 d5 2.c4 c6 3.Nc3 Nf6 4.Nf3 a6 5.cxd5 cxd5 6.Bf4 Nc6 7.a3 Bf5 8.e3 e6 
9.Bd3 Bxd3 10.Qxd3 Bd6 11.Bxd6 Qxd6 12.O-O O-O 13.b4 b5 14.Rac1 Rac8 15.
Rc2 Rc7 16.Rfc1 Rfc8 17.h3 h6 18.Nb1 Ne7 19.Rxc7 Rxc7 20.Rxc7 Qxc7 21.Qc3 
Qxc3 22.Nxc3 Nc6 23.Kf1 Kf8 24.Ke2 Ke7 25.Kd3 Kd6 26.Kc2 Kc7 27.Kb3 Kb6 
28.Ne1 Ne8 29.Nd3 Nd6 30.Nc5 Nc4 31.Nd7+ Kc7 32.Nc5 Kb6 1/2-1/2

[Event "16th Asia-ch (w)"]
[Site "Ho Chi Minh VIE"]
[Date "2012.05.13"]
[Round "9"]
[White "Nguyen Thi Mai Hung"]
[Black "Pratyusha, Bodda"]
[Result "0-1"]
[WhiteElo "2237"]
[BlackElo "2123"]
[EventDate "2012.05.05"]
[PlyCount "78"]

1.d4 Nf6 2.Bf4 e6 3.e3 c5 4.c3 b6 5.Nd2 cxd4 6.exd4 Bb7 7.Ngf3 Be7 8.Bd3 
d6 9.h3 Nbd7 10.O-O O-O 11.Re1 Re8 12.Bh2 h6 13.Rc1 a6 14.a4 Bf8 15.Bb1 
Qc7 16.Qc2 Bc6 17.b3 Qb7 18.Re2 b5 19.axb5 axb5 20.Ne1 e5 21.dxe5 dxe5 22.
Ndf3 e4 23.Nd4 Bd5 24.Nxb5 Qxb5 25.c4 Qa6 26.cxd5 Rec8 27.Bc7 Bd6 28.Qd1 
Bxc7 29.Rc6 Bb6 30.Bxe4 Nxe4 31.Rxe4 Re8 32.Ra4 Qb5 33.Nf3 Rad8 34.Rc3 Nc5
35.Ra2 Rd7 36.Nh4 Qb4 37.Rc4 Re1+ 38.Kh2 Qxc4 39.Qxe1 Qxh4 0-1

[Event "16th Asia-ch (w)"]
[Site "Ho Chi Minh VIE"]
[Date "2012.05.13"]
[Round "9"]
[White "Le Kieu Thien Kim"]
[Black "Ngo Thi Kim Tuyen"]
[Result "1-0"]
[WhiteElo "2239"]
[BlackElo "2070"]
[EventDate "2012.05.05"]
[PlyCount "57"]

1.d4 Nf6 2.Nf3 b6 3.Bf4 Bb7 4.e3 e6 5.h3 h6 6.Nbd2 d5 7.Ne5 Bd6 8.Bd3 O-O 
9.Qf3 c5 10.c3 Qc7 11.Bxh6 Bxe5 12.dxe5 Qxe5 13.Bf4 Qh5 14.g4 Qh8 15.Bd6 
Re8 16.g5 Nh5 17.Nc4 dxc4 18.Qxb7 Nc6 19.g6 Nd8 20.Qxa8 cxd3 21.gxf7+ Kxf7
22.O-O-O c4 23.Rhg1 Kg8 24.Bc7 Nf6 25.Bxd8 Kh7 26.Rg4 Nxg4 27.hxg4 Rxd8 
28.Rh1+ Kg6 29.Rxh8 1-0

[Event "16th Asia-ch (w)"]
[Site "Ho Chi Minh VIE"]
[Date "2012.05.13"]
[Round "9"]
[White "Pham Thi Thu Hoai"]
[Black "Sihite, Chelsie Monica"]
[Result "1/2-1/2"]
[WhiteElo "1956"]
[BlackElo "2181"]
[EventDate "2012.05.05"]
[PlyCount "151"]

1.e4 e5 2.Nf3 Nc6 3.Bb5 a6 4.Ba4 Nf6 5.O-O Be7 6.Re1 b5 7.Bb3 O-O 8.c3 d5 
9.exd5 Nxd5 10.Nxe5 Nxe5 11.Rxe5 c6 12.d4 Bd6 13.Re1 Qh4 14.g3 Qh3 15.Be3 
Nf6 16.Qf3 Bd7 17.Nd2 Rac8 18.Bg5 Ng4 19.Qg2 Qh5 20.Ne4 Rce8 21.Nxd6 Rxe1+
22.Rxe1 Qxg5 23.f4 Qg6 24.Nxf7 Rxf7 25.Qe2 Kf8 26.Bxf7 Qxf7 27.b3 h5 28.h3
Nh6 29.Qe5 Kg8 30.Kh2 Qg6 31.Re2 Kh7 32.Qe4 Nf5 33.Rg2 Nd6 34.Qxg6+ Kxg6 
35.g4 hxg4 36.hxg4 Ne4 37.c4 Kf7 38.Kh3 g6 39.Kh4 bxc4 40.bxc4 Be6 41.Rc2 
Nf6 42.d5 cxd5 43.cxd5 Nxd5 44.Kg5 Bd7 45.Rh2 Nf6 46.f5 gxf5 47.gxf5 Kg7 
48.Rb2 a5 49.Kf4 a4 50.Rg2+ Kf7 51.Ke5 Nh5 52.f6 Be6 53.a3 Nxf6 54.Rf2 Bb3
55.Rxf6+ Ke7 56.Rh6 Kd7 57.Kd4 Ba2 58.Kc5 Bb3 59.Rh2 Ke6 60.Rd2 Ke7 61.Kc6
Ke6 62.Re2+ Kf6 63.Kd6 Kf5 64.Kc5 Kf6 65.Re3 Kf5 66.Kd6 Kf4 67.Re5 Ba2 68.
Rh5 Bb3 69.Rh4+ Kf5 70.Rd4 Bc2 71.Rd5+ Ke4 72.Rh5 Bb3 73.Kc5 Bd1 74.Rh1 
Bb3 75.Re1+ Kd3 76.Re7 1/2-1/2

[Event "16th Asia-ch (w)"]
[Site "Ho Chi Minh VIE"]
[Date "2012.05.13"]
[Round "9"]
[White "Citra, Dewi Andhiani Anastasia"]
[Black "Enkhtuul, Altanulzii"]
[Result "1/2-1/2"]
[WhiteElo "2112"]
[BlackElo "2108"]
[EventDate "2012.05.05"]
[PlyCount "94"]

1.e4 Nf6 2.e5 Nd5 3.d4 d6 4.c4 Nb6 5.exd6 exd6 6.Nc3 Be7 7.Bd3 Nc6 8.Nge2 
Bg4 9.Be3 Bf6 10.Qd2 Nb4 11.O-O Nxd3 12.Qxd3 O-O 13.b3 a6 14.f3 Bh5 15.Nf4
Bg6 16.Nxg6 fxg6 17.Ne4 Nd7 18.Rad1 Qe7 19.Rfe1 Rae8 20.Bf2 Qd8 21.Re2 Nb8
22.Rde1 Nc6 23.Nxf6+ gxf6 24.d5 Ne5 25.Qd2 b6 26.Bd4 Kg7 27.Re4 h5 28.Qe2 
Kf7 29.f4 f5 30.Rxe5 dxe5 31.fxe5 Kg8 32.Qd2 f4 33.Rf1 Qg5 34.e6 Qg4 35.
Rf3 Kh7 36.Bb2 Qh4 37.Qc3 Qe7 38.b4 Rd8 39.b5 axb5 40.Ba3 c5 41.dxc6 b4 
42.Bxb4 Qxe6 43.Bxf8 Rxf8 44.Qd4 Qxc6 45.Rxf4 Rxf4 46.Qxf4 Qc5+ 47.Kf1 Qb4
1/2-1/2

[Event "16th Asia-ch (w)"]
[Site "Ho Chi Minh VIE"]
[Date "2012.05.13"]
[Round "9"]
[White "Jelsen, Yemi"]
[Black "Otorbaeva, Nuriza"]
[Result "1-0"]
[WhiteElo "2007"]
[BlackElo "1740"]
[EventDate "2012.05.05"]
[PlyCount "50"]

1.d4 d5 2.c4 e6 3.Nc3 Nf6 4.Bg5 Nbd7 5.e3 Be7 6.Nf3 O-O 7.cxd5 Nxd5 8.Bxe7
Qxe7 9.Bd3 Nxc3 10.bxc3 e5 11.Qc2 g6 12.O-O Re8 13.e4 c6 14.Rfe1 b5 15.d5 
Bb7 16.Rab1 a6 17.a4 cxd5 18.axb5 axb5 19.Bxb5 Rad8 20.Bxd7 Rxd7 21.exd5 
Rxd5 22.Qb3 Bc6 23.Qb6 Qd6 24.c4 Ra5 25.Rbd1 Qd4 1-0